000
00316nam a22001457a 4500
008
230125b ||||| |||| 00| 0 eng d
020
_a
30601706
041
_a
eng
080
_2
VOLUME XXXI
_a
615.83
082
_a
615.83KAE
100
_a
16.2
101
_a
EGZF
245
_a
MYCOLOGIA
_c
K.A.E.S
942
_2
udc
_c
BK
999
_c
59277
_d
59277